000 00458nam a2200181Ia 4500
008 230524s9999 xx 000 0 und d
020 _a9788173666025
082 _a5.133
_bSIE
100 _aKathy Sierra
245 0 _aHead First Java (Your Brain on Java- A Learner's Guide) 5.0
250 _a28TH
260 _aMUMBAI
_bSPD
_c2010
300 _aXXXII;688
500 _aQuantity Number: 7
650 _aComp-Sc
700 _a Bert Bates
942 _cBK
999 _c47049
_d47049